000 00860nam a2200241Ia 4500
003 GCL
008 140319s9999 xx 000 0 ara d
020 _a5050316977
040 _aGCL /
_cGCL
082 0 4 _a153
_bف ع
100 1 _aفتحى مصطفى الزيات
245 1 0 _aعلم النفس المعرفى :
_bمج 1 دراسات وبحوث - مج 2 مداخل ونماذج ونظريات /
_cفتحى مصطفى الزيات
260 _aالقاهرة :
_bدار النشر للجامعات المصرية ،
_c2001
300 _a2 مج ؛
_c24 سم
490 _aسلسلة علم النفس المعرفى
_v0
650 0 4 _aالتعليم
650 0 4 _aالتفكير
650 0 4 _aالادراك
650 0 4 _aالابتكار
650 0 4 _aالقدرة العقلية
650 0 4 _aالتفكير الابتكارى
942 _2ddc
_cBK
999 _c6326
_d6326